Normal view MARC view
  • Indus River Region

Entry Geographic Name

Number of records used in: 4

001 - CONTROL NUMBER

  • control field: 3592

003 - CONTROL NUMBER IDENTIFIER

  • control field: NUST

005 - DATE AND TIME OF LATEST TRANSACTION

  • control field: 20170726190751.0

008 - FIXED-LENGTH DATA ELEMENTS

  • fixed length control field: 170726|| aca||aabn | a|a d

040 ## - CATALOGING SOURCE

  • Original cataloging agency: NUST
  • Transcribing agency: NUST

151 ## - HEADING--GEOGRAPHIC NAME

  • Geographic name: Indus River Region
  • General subdivision: Social conditions.

670 ## - SOURCE DATA FOUND

  • Source citation: Work cat.: (NUST)0: ʻĀbidī, Raz̤ā ʻAlī, 1936- 3428, Sher daryā /, 2009.
© 2023 Central Library, National University of Sciences and Technology. All Rights Reserved.